Estanciero : sesenta aniversario [juego] /
Guardado en:
| Formato: | Objeto Físico |
|---|---|
| Publicado: |
Argentina :
The toy company,
[200?]
|
| Materias: | |
| Etiquetas: |
Agregar Etiqueta
Sin Etiquetas, Sea el primero en etiquetar este registro!
|
| LEADER | 00926nrm a22001695g 4500 | ||
|---|---|---|---|
| 001 | CEM.cems019358 | ||
| 008 | 130507b200?##################0###0#####d | ||
| 005 | 20220830164003.0 | ||
| 003 | CEMS | ||
| 245 | 0 | 0 | |a Estanciero : |b sesenta aniversario [juego] / |c Estanciero |
| 260 | |a Argentina : |b The toy company, |c [200?] | ||
| 300 | |a 1 juego (1 tablero, 6 peones, 2 dados, 29 tarjetas-escrituras, 32 tarjetas-suerte y destino, 32 chacras, 12 estancias, billetes) ; en caja 26 x 42 x 6 cm. + manual de instrucciones. | ||
| 500 | |a Para 3 a 6 jugadores a partir de 8 años objetivo: obtener grandes beneficios alquilando, comprando y vendiendo propiedades, de tal manera que alguno de los jugadores se convierta en el más rico, y a la vez el ganador. | ||
| 082 | 0 | 4 | |a J793.9 |
| 653 | |a 1. juegos de negocios y finanzas | ||
| 859 | |a CEMS |b BIB. CEMS - Ludoteca |h J793.9 |i Es83 |p 335.06 |t Ej.1 | ||
| 859 | |a CEMS |b BIB. CEMS - Ludoteca |h J793.9 |i Es83 |p 342.07 |t Ej.2 | ||
